| 000 | 00609 a2200157 4500 | ||
|---|---|---|---|
| 008 | a130416b mp ||||| |||| 00| 0 mon d | ||
| 100 |
_aМайнбаяр Б. _bТөрийн Улаанбаатар сургууль |
||
| 041 |
_amon _hmon |
||
| 082 |
_2ДАА _a562 _bМ-142 |
||
| 100 | 1 | _aМайнбаяр Б. | |
| 245 | 1 |
_aМонгол орны өвсөн идэшт үлэг гүрвэл Saurolophus: Магистрын дипломын ажил _bТөрийн Улаанбаатар сургууль |
|
| 260 |
_aУлаанбаатар _c2011 |
||
| 300 | _a48 | ||
| 490 |
_a0 _v0 _x0 |
||
| 520 | _aдок/м | ||
| 999 |
_c87792 _d87849 |
||